Ekonomie bez mýtů a iluzí jak ekonomika funguje doopravdy
Salvato in:
| Autore principale: | |
|---|---|
| Natura: | Libro |
| Lingua: | ceco |
| Pubblicazione: |
Praha
GRADA
2024
|
| Edizione: | 2. aktualizované vydání |
| Soggetti: | |
| Tags: |
Nessun Tag, puoi essere il primo ad aggiungerne!!
|
MARC
| LEADER | 00000nam a2200000 4500 | ||
|---|---|---|---|
| 001 | 0311852 | ||
| 005 | 20251124125335.6 | ||
| 020 | |a 978-80-271-5228-5 | ||
| 041 | 0 | |a cze | |
| 044 | |a CZ | ||
| 245 | 1 | 0 | |a Ekonomie bez mýtů a iluzí |b jak ekonomika funguje doopravdy |c Jan Urban |
| 250 | |a 2. aktualizované vydání | ||
| 264 | 1 | |a Praha |b GRADA |c 2024 | |
| 300 | |a 261 s. | ||
| 610 | 2 | 0 | |a teórie ekonomické |
| 610 | 2 | 0 | |a myslenie ekonomické |
| 610 | 2 | 0 | |a politika hospodárska |
| 610 | 2 | 0 | |a podnik štátny |
| 610 | 2 | 0 | |a tvorba cien |
| 610 | 2 | 0 | |a kapitalizmus |
| 610 | 2 | 0 | |a konkurencieschopnosť |
| 610 | 2 | 0 | |a rast hospodársky |
| 610 | 2 | 0 | |a regulácia štátna |
| 610 | 2 | 0 | |a regulácia trhu |
| 610 | 2 | 0 | |a hodnota pridaná |
| 610 | 2 | 0 | |a inflácia |
| 100 | 1 | |a Urban, Jan | |